000 00269nam a22001097a 4500
008 170125b xxu||||| |||| 00| 0 eng d
020 _a9780962724671
041 _aeng
080 _23RD
_a618.2
245 _aEMERGENCY NURSING EXAMINATION
_cVONFROLIO, L.G
942 _2udc
_cBK
999 _c3625
_d3625